书目信息 |
| 题名: |
读完本书你可能会成为一个话痨
|
|
| 作者: | 福赛思 著 ;盖梦丽 译 | |
| 分册: | ||
| 出版信息: | 北京 北京联合出版公司 2020 |
|
| 页数: | 324页 | |
| 开本: | 22cm | |
| 丛书名: | ||
| 单 册: | ||
| 中图分类: | H313.9 | |
| 科图分类: | ||
| 主题词: | 英语--ying yu--词源学 | |
| 电子资源: | ||
| ISBN: | 978-7-5596-3731-4 | |
| 000 | 01097nam0 2200253 450 | |
| 001 | 2163465357 | |
| 005 | 20211113173444.37 | |
| 010 | @a978-7-5596-3731-4@b精装@dCNY60.00 | |
| 100 | @a20200331d2020 em y0chiy50 ea | |
| 101 | 1 | @achi@ceng |
| 102 | @aCN@b110000 | |
| 105 | @ay a 000yy | |
| 200 | 1 | @a读完本书你可能会成为一个话痨@Adu wan ben shu ni ke neng hui cheng wei yi ge hua lao@f(英) 马克·福赛思著@d= The etymologicon@ea circular stroll through the hidden connections of the English language@fMark Forsyth@g盖梦丽译@zeng |
| 210 | @a北京@c北京联合出版公司@d2020 | |
| 215 | @a324页@d22cm | |
| 320 | @a有书目 (第322-324页) | |
| 330 | @a本书作者解释了许多常见英语词汇的奇怪来源与应用,比如和尚与猴子的关系、火鸡与土耳其的关系、弓箭与猫的渊源、影迷与水牛的渊源等。 | |
| 500 | 10 | @aEtymologicon : a circular stroll through the hidden connections of the English language@mChinese |
| 606 | 0 | @a英语@Aying yu@x词源学 |
| 690 | @aH313.9@v5 | |
| 701 | 1 | @a福赛思@Afu sai si@g(Forsyth, Mark)@4著 |
| 702 | 0 | @a盖梦丽@Age meng li@4译 |
| 801 | 0 | @aCN@bBP@c20200331 |
| 905 | @aZUCC@dH313.9@e4 | |
| 读完本书你可能会成为一个话痨/(英) 马克·福赛思著= The etymologicon:a circular stroll through the hidden connections of the English language/Mark Forsyth/盖梦丽译.-北京:北京联合出版公司,2020 |
| 324页;22cm |
| ISBN 978-7-5596-3731-4(精装):CNY60.00 |
| 本书作者解释了许多常见英语词汇的奇怪来源与应用,比如和尚与猴子的关系、火鸡与土耳其的关系、弓箭与猫的渊源、影迷与水牛的渊源等。 |
| ● |
| 相关链接 |
|
|
|
正题名:读完本书你可能会成为一个话痨
索取号:H313.9/4
 
预约/预借
| 序号 | 登录号 | 条形码 | 馆藏地/架位号 | 状态 | 备注 |
| 1 | 2000884873 | 2000884873 | 第三书库/ [索取号:H313.9/4] | 在馆 | |
| 2 | 2000884874 | 2000884874 | 第三书库/ [索取号:H313.9/4] | 在馆 | |
| 3 | 2000884875 | 2000884875 | 第三书库/ [索取号:H313.9/4] | 在馆 |